01263nam a2200229Ia 4500003000900000008004100009020002200050040001600072080002500088111014900113245030700262260007200569300002300641650003900664650004600703650005300749700003100802700003300833942000700866999001700873952014300890IN-BaIIA211028s9999 xx 000 0 eng d a978-0-8194-7228-1 cIIA Library a535(082.1)bSPI-7018 aSociety of Photo-Optical Instrumentation Engineers Workshop on Advanced Software and Control for Astronomy IIcMarseilled2008 June 23-28933324 0aAdvanced optical and mechanical technologies in Telescopes and instrumentationbproceedings of SPIE Workshop on advanced opt.ical and mechanical technologies in Telescopes and instrumentation, held in Marseille, France, 23 - 28, June 2008cedited by Atad-Ettedgui and Dietrich Lemke  aWashingtonbThe International Society for Optical Engineeringc2008 a[various pagings.] aAdvanced optical-Congresses933325 aMechanical technologies-Congresses933326 aTelescopes and instrumentation-Congresses933327 aAtad-Ettedgui., ed.933328 aLemke, Dietrich., ed.933329 cBK c17617d17617 00104070aBANbBANcGENd2010-02-06eEDS g3790.00l0o535(082.1)/ SPI-7018p18539r2021-11-05v3790.00w2010-02-06yBKGRs. 3790.00